[Event "SLO-chT2 East"]
[Site "Brezice Maribor"]
[Date "2008.05.24"]
[Round "1"]
[White "Bezjak, Janez"]
[Black "Mitrovic, Boris"]
[Result "1-0"]
[WhiteElo "2146"]
[BlackElo "2039"]
[PlyCount "51"]
[EventDate "2008.10.24"]
[EventType "team-tourn"]
[EventRounds "9"]
[EventCountry "SLO"]
[SourceTitle "EXT 2010"]
[Source "ChessBase"]
[SourceDate "2010.11.25"]
[SourceVersion "1"]
[SourceVersionDate "2010.11.25"]
[SourceQuality "1"]

1. e3 c5 2. d4 e6 3. Nf3 Nf6 4. c4 d5 5. Nc3 Nc6 6. Be2 Be7 7. 0-0 0-0 8. a3 dxc4 9. Bxc4 cxd4 10. exd4 Nd5 11. Re1 Bf6 12. Ne4 Be7 13. b4 a6 14. Qd3 b5 15. Bb3 Bb7 16. Nfg5 h6 17. Nf3 Rc8 18. Nc5 Rc7 19. Bd2 Bd6 20. Rac1 Nce7 21. Ne5 Bc8 22. Bc2 f5 23. Bb1 Kh7 24. Re2 Bxe5 25. Rxe5 Rc6 26. Rce1 1-0

[Event "SLO-chT2 East"]
[Site "Brezice Maribor"]
[Date "2008.05.24"]
[Round "2"]
[White "Ivekovic, Zvonimir"]
[Black "Bezjak, Janez"]
[Result "1-0"]
[WhiteElo "2139"]
[BlackElo "2146"]
[PlyCount "57"]
[EventDate "2008.10.24"]
[EventType "team-tourn"]
[EventRounds "9"]
[EventCountry "SLO"]
[SourceTitle "EXT 2010"]
[Source "ChessBase"]
[SourceDate "2010.11.25"]
[SourceVersion "1"]
[SourceVersionDate "2010.11.25"]
[SourceQuality "1"]

1. e4 d5 2. exd5 Qxd5 3. Nc3 Qa5 4. d4 c6 5. Nf3 Nf6 6. Bd2 Qc7 7. Bd3 Bg4 8. Qe2 e6 9. 0-0-0 Nbd7 10. h3 Bh5 11. g4 Bg6 12. Bxg6 hxg6 13. Ng5 Bd6 14. Kb1 Nb6 15. Nce4 Nxe4 16. Nxe4 0-0-0 17. c4 Nd7 18. Qf3 Rhf8 19. c5 Be7 20. Bf4 e5 21. Bg3 f5 22. Nd6+ Bxd6 23. cxd6 Qa5 24. dxe5 Nxe5 25. Qf4 Nd7 26. Qd4 Rf7 27. Rhe1 Qc5 28. Qf4 Rdf8 29. Re7 1-0

[Event "SLO-chT1 East"]
[Site "Celje"]
[Date "2007.11.21"]
[Round "9"]
[White "Djurkovic, Maks"]
[Black "Bezjak, Janez"]
[Result "1/2-1/2"]
[WhiteElo "2183"]
[BlackElo "2019"]
[PlyCount "86"]
[EventDate "2007.11.11"]
[EventType "team-tourn"]
[EventRounds "9"]
[EventCountry "SLO"]
[SourceTitle "EXT 2010"]
[Source "ChessBase"]
[SourceDate "2010.11.25"]
[SourceVersion "1"]
[SourceVersionDate "2010.11.25"]
[SourceQuality "1"]

1. d4 Nf6 2. Nf3 d5 3. c4 c6 4. e3 e6 5. Nc3 Bd6 6. Qc2 Nbd7 7. h3 a6 8. g4 dxc4 9. Bxc4 b5 10. Bd3 b4 11. Ne4 Qc7 12. Nxd6+ Qxd6 13. e4 Qc7 14. e5 Nd5 15. Bxh7 Bb7 16. Ng5 Nf8 17. Bd3 f6 18. Bg6+ Ke7 19. Nf7 Nd7 20. Nxh8 Rxh8 21. f4 Qb6 22. Qc4 a5 23. Bd3 c5 24. Rh2 Rc8 25. exf6+ gxf6 26. Qb5 Qc7 27. Re2 cxd4 28. Bf5 Nc5 29. Bd2 Kf7 30. Rc1 Nc3 31. bxc3 bxc3 32. Bxc3 dxc3 33. Rxc3 exf5 34. Rxc5 Qxc5 35. Qxb7+ Rc7 36. Qb3+ Kg7 37. Qe3 Qd5 38. Kf2 fxg4 39. hxg4 Qh1 40. Qg3 Rc1 41. Qg2 Qh4+ 42. Kf3 Rc3+ 43. Re3 Rc7 1/2-1/2

[Event "SLO-chT2 East"]
[Site "Velenje"]
[Date "2006.10.22"]
[Round "8"]
[White "Urek, Branko"]
[Black "Bezjak, Janez"]
[Result "0-1"]
[WhiteElo "1831"]
[BlackElo "2003"]
[PlyCount "132"]
[EventDate "2006.05.21"]
[EventType "team"]
[EventRounds "9"]
[EventCountry "SLO"]
[SourceTitle "EXT 2008"]
[Source "ChessBase"]
[SourceDate "2007.11.25"]
[SourceVersion "1"]
[SourceVersionDate "2007.11.25"]
[SourceQuality "1"]

1. d4 Nf6 2. Nf3 d5 3. c4 c6 4. e3 e6 5. Nc3 Bd6 6. Be2 0-0 7. Qc2 Re8 8. a3 Nbd7 9. b3 Nf8 10. Bb2 Ng6 11. Rd1 Qe7 12. b4 Bd7 13. 0-0 Rac8 14. Rde1 b5 15. c5 Bb8 16. Bd3 Qd8 17. e4 dxe4 18. Nxe4 Nd5 19. g3 Bc7 20. Nc3 Ra8 21. Nxd5 exd5 22. Bc1 Bg4 23. Rxe8+ Qxe8 24. Re1 Qd7 25. Ng5 Re8 26. Be3 Bd8 27. Ra1 Rxe3 28. fxe3 Bxg5 29. Qf2 Qe6 30. Re1 Qf6 31. a4 a6 32. axb5 axb5 33. Qxf6 Bxf6 34. Ra1 Nf8 35. Ra7 g6 36. Ra6 Bg5 37. Kf2 Bd7 38. Ke2 Kg7 39. e4 Ne6 40. exd5 Nxd4+ 41. Kf2 Bd2 42. dxc6 Bxc6 43. Rxc6 Nxc6 44. Bxb5 Nxb4 45. c6 Nd5 46. Kf3 f5 47. Bc4 Nc7 48. Ke2 Ba5 49. Kf3 Kf6 50. g4 fxg4+ 51. Kxg4 h5+ 52. Kg3 Be1+ 53. Kg2 g5 54. Be2 Kg6 55. h3 Ne6 56. Bd1 Ba5 57. Bc2+ Kf6 58. Be4 Nf4+ 59. Kg3 Bc7 60. Bf3 Kf5 61. Bd1 Ke4 62. Kh2 Ke3 63. Bb3 Kf2 64. Bf7 g4 65. hxg4 hxg4 66. Kh1 g3 0-1

[Event "SLO-chT2 East"]
[Site "Velenje"]
[Date "2006.09.18"]
[Round "5"]
[White "Kokosinek, Ervin"]
[Black "Bezjak, Janez"]
[Result "0-1"]
[WhiteElo "1979"]
[BlackElo "2003"]
[PlyCount "23"]
[EventDate "2006.05.21"]
[EventType "team"]
[EventRounds "9"]
[EventCountry "SLO"]
[SourceTitle "EXT 2008"]
[Source "ChessBase"]
[SourceDate "2007.11.25"]
[SourceVersion "1"]
[SourceVersionDate "2007.11.25"]
[SourceQuality "1"]

1. e4 d5 2. exd5 Qxd5 3. Nc3 Qa5 4. d4 c6 5. Nf3 Nf6 6. Be2 Bf5 7. 0-0 e6 8. a3 Bd6 9. Ne5 Bxe5 10. b4 Bxh2+ 11. Kxh2 Qc7+ 12. g3 0-1

[Event "SLO-chT2 East"]
[Site "Velenje"]
[Date "2005.09.29"]
[Round "3"]
[White "Bitenc, Ivan"]
[Black "Bezjak, Janez"]
[Result "0-1"]
[WhiteElo "1900"]
[BlackElo "1996"]
[PlyCount "74"]
[EventDate "2005.05.27"]
[EventType "team"]
[EventRounds "9"]
[EventCountry "SLO"]
[SourceTitle "EXT 2009"]
[Source "ChessBase"]
[SourceDate "2008.11.26"]
[SourceVersion "1"]
[SourceVersionDate "2008.11.26"]
[SourceQuality "1"]

1. c4 e5 2. Nc3 Nc6 3. d3 Bc5 4. Nf3 d6 5. e3 Nf6 6. Be2 0-0 7. a3 a5 8. d4 Bb6 9. d5 Ne7 10. e4 Bd7 11. Bg5 Ng6 12. Qc2 h6 13. Bd2 Ng4 14. 0-0 Nh4 15. h3 Nxf3+ 16. Bxf3 Nf6 17. Ne2 a4 18. Ng3 Nh7 19. Be2 Qh4 20. Kh2 Ng5 21. Bxg5 Qxg5 22. Bd3 Qf4 23. Kh1 Qh4 24. Kh2 Qf4 25. Kh1 g6 26. Ne2 Qh4 27. Kg1 f5 28. Nc3 f4 29. Be2 f3 30. Bxf3 Rxf3 31. gxf3 Qg3+ 32. Kh1 Qxh3+ 33. Kg1 Rf8 34. Nb5 Qg3+ 35. Kh1 Qxf3+ 36. Kh2 Rf4 37. Qc3 Rh4+ 0-1

[Event "SLO-chT2"]
[Site "Slovenia"]
[Date "2003.05.02"]
[Round "2"]
[White "Cetina, Klemen"]
[Black "Bezjak, Janez"]
[Result "1-0"]
[WhiteElo "2094"]
[BlackElo "2009"]
[PlyCount "159"]
[EventDate "2003.05.02"]
[EventType "team"]
[EventRounds "9"]
[EventCountry "SLO"]
[SourceTitle "EXT 2005"]
[Source "ChessBase"]
[SourceDate "2004.11.15"]
[SourceVersion "1"]
[SourceVersionDate "2004.11.15"]
[SourceQuality "1"]

1. e4 d5 2. exd5 Qxd5 3. Nc3 Qa5 4. d4 c6 5. Nf3 Nf6 6. Bc4 Bg4 7. Be2 Qc7 8. 0-0 e6 9. h3 Bh5 10. Re1 Be7 11. Bf1 Nbd7 12. g4 Bg6 13. Nh4 0-0 14. Nxg6 hxg6 15. Qf3 Rfe8 16. Ne4 Nxe4 17. Qxe4 Nf6 18. Qf3 Rad8 19. c3 a6 20. Bf4 Bd6 21. Bxd6 Qxd6 22. Bc4 Re7 23. Re2 Rde8 24. Rae1 Nd5 25. h4 b5 26. Bb3 Rd7 27. Bxd5 cxd5 28. g5 Qe7 29. Kg2 Kh7 30. Re5 Rh8 31. Rxd5 Rhd8 32. Rxd7 Rxd7 33. d5 e5 34. Qe4 Qd6 35. Qxe5 Qxd5+ 36. Qxd5 Rxd5 37. Re2 Rf5 38. Kg3 Rd5 39. Kf4 Rd1 40. Rc2 f5 41. f3 Kg8 42. h5 gxh5 43. Kxf5 Kh7 44. c4 bxc4 45. Rxc4 Rd2 46. Rb4 a5 47. Rb8 Rd5+ 48. Kf4 Kg6 49. Rb6+ Kh7 50. a3 Rc5 51. b3 a4 52. bxa4 Ra5 53. Rb4 Kg6 54. Rb6+ Kh7 55. Rb4 Kg6 56. Ke3 Rxg5 57. Rb6+ Kf7 58. Rb5 Rg1 59. a5 Ra1 60. Rb3 Rd1 61. Rb4 Ra1 62. Ra4 Rd1 63. a6 Rd8 64. a7 Ra8 65. Kd4 g5 66. Kc5 h4 67. Kb6 h3 68. Rc4 h2 69. Rc1 Re8 70. Rh1 Re6+ 71. Kb5 Re5+ 72. Kb4 Re8 73. Rxh2 Kg6 74. Rc2 Kf5 75. Kb5 Kf4 76. Rc3 Rf8 77. Kb6 Ke5 78. Kb7 Kd4 79. Rc8 Rf7+ 80. Rc7 1-0